000 00830nas a2200277 4500
001 BR2015000511
003 BR-BrBNA
005 20231205124934.0
007 ta
008 230509b bl.|||p| |||| 00| 00por d
040 _aBR-BrBNA
_bpor
_cBiblioteca Nacional de Agricultura
041 _a(Pt)
072 _aH10
100 1 _aPrado C., E.
100 1 _aSanta-Cecília, L.V.C.
100 1 _aSouza, J.C. de
100 1 _aReis, P.R.
245 1 _aPragas ocasionais do cafeeiro
650 _aCAFÉ
650 _aCONTROLE INTEGRADO
650 _aINSETO
650 _aPRAGA DE PLANTA
773 0 _tInforme Agropecuário - Empresa de Pesquisa Agropecuária de Minas Gerais (Brazil)
_xISSN 0100-3364
_g(May-Jun 2014), v. 35(280) p. 55-66
_wBR2015000511
909 _a202311
_bLúcia
_c55
_dLúcia Elande
942 _2AGRIS
_n0
_cANA
999 _c241724
_d241724